Statistics for Top 10 Danish PL appearances

Click here to take the quiz!

General Stats

  • This quiz has been taken 16 times
  • The average score is 5 of 10

Answer Stats

AppsAnswer% Correct
310Schmeichel
83%
157Jensen
83%
133Eriksen
67%
175Agger
50%
136Bendtner
50%
143Pedersen
42%
364Sorensen
25%
149Gravesen
25%
147Laursen
25%
134Frandsen
17%

Score Distribution

Percentile by Number Answered

Percent of People with Each Score

Your Score History

You have not taken this quiz